000 00633nam a2200205Ia 4500
003 GCL
008 140319s9999 xx 000 0 ara d
020 _a5307401977
040 _aGCL /
_cGCL
082 0 4 _a810.9
_bا س
100 1 _aاحمد البدوى
245 1 0 _aسيد قطب /
_cاحمد البدوى
260 _aالقاهرة :
_bالهيئة المصرية العامة للكتاب ،
_c1992
300 _a263 ص ؛
_c19 سم
490 _aنقاد الادب
_v10
650 0 4 _aالدعوة الاسلامية
650 0 4 _aتاريخ ونقد
650 0 4 _aالاخوان المسلمون
942 _2ddc
_cBK
999 _c30097
_d30097